banner-ar

FOLK TALES FROM ASIA: FOR CHILDREN EVERY WHERE: BOOK FOUR / (Record no. 15123)

MARC details
000 -الفاتح
حقل البيانات ثابتة الطول 00552nam a2200181Ia 4500
008 - عناصر البيانات ثابتة الطول - معلومات عامة
حقل البيانات ثابتة الطول 140319s9999 xx 000 0 eng d
040 ## - مصدر الفهرسة
وكالة الفهرسة الأصلية GCL /
وكالة النسخ GCL
082 04 - رقم تصنيف ديوى العشرى
رقم التصنيف CH
رقم المادة 398.2
-- A F
100 1# - المدخل الرئيسى - إسم شخصى
الإسم الشخصى ASIAN CULTURAL CENTER FOR UNESCO
245 10 - بيان العنوان
العنوان FOLK TALES FROM ASIA: FOR CHILDREN EVERY WHERE: BOOK FOUR /
بيان المسئوليه,etc ASIAN CULTURAL CENTER FOR UNESCO
260 ## - PUBLICATION, DISTRIBUTION, ETC. (IMPRINT)
تاريخ النشر أو التوزيع 1982
300 ## - الوصف المادى
التعداد 59 P
650 04 - المدخل الاضافى بالموضوع-مصطلح موضوعى
مصطلح موضوعي LITERATURE
650 04 - المدخل الاضافى بالموضوع-مصطلح موضوعى
مصطلح موضوعي FOLKLORE - ASIA
650 04 - المدخل الاضافى بالموضوع-مصطلح موضوعى
مصطلح موضوعي FOLKLORE LITERATURE
942 ## - عناصر المدخل الإضافي( كوها)
مصدر التصنيف او مخطط الترفيف Dewey Decimal Classification
Koha [default] item type كتاب
260 ## - PUBLICATION, DISTRIBUTION, ETC. (IMPRINT)
-- [S.N] :
-- ASIAN CULTURAL CENTRE FOR UNESCO ،
Holdings
حالة التراجع حالة الفقد حالة تلف ليس للاعارة المكان المؤقت الموقع الحالى تاريخ الاكتساب اجمالي اﻻعارات رقم الطلب الباركود تاريخ اخر مشاهدة تاريخ تفعيل السعر نوع وعاء كوها
        مكتبة القاهرة الكبرى مكتبة القاهرة الكبرى 03/26/2014   CH\398.2\A F 28155 03/26/2014 03/26/2014 كتاب

Powered By

EGPV